Sultans de l'empire Ottoman - Statistiques

Statistiques générales
  • Ce quiz a été pris 713 fois
  • Le résultat moyen est 23 sur 41
Statistiques - réponses
Hint Réponse % Correct
1444-1446 Mehmed II
91%
1451-1481 Mehmed II
91%
1595-1603 Mehmed III
91%
1648-1687 Mehmed IV
91%
1909-1918 Mehmed V
91%
1918-1922 Mehmed VI
91%
1413-1421 Mehmet I
91%
1281-1326 Osman I
81%
1618-1622 Osman II
81%
1754-1757 Osman III
81%
1520-1566 Soliman I
76%
1687-1691 Soliman II
76%
1512-1520 Sélim I
64%
1566-1574 Sélim II
64%
1789-1807 Selim III
64%
1774-1789 Abdülhamid I
56%
1876-1909 Abdülhamid II
56%
1359-1389 Murad I
51%
1421-1444 Murad II
51%
1446-1451 Murad II
51%
1574-1595 Murad III
51%
1623-1640 Murad IV
51%
1876 Murad V
51%
1326-1359 Orhan
47%
1389-1402 Bayezid I
41%
1481-1512 Bayezid II
41%
1617-1618 Mustafa I
40%
1622-1623 Mustafa I
40%
1695-1703 Mustafa II
40%
1757-1774 Mustafa III
40%
1807-1808 Mustafa IV
40%
1603-1617 Ahmet I
39%
1691-1695 Ahmet II
39%
1703-1730 Ahmet III
39%
1808-1839 Mahmoud II
32%
1730-1754 Mahmud I
32%
1640-1648 Ibrahim I
29%
1861-1876 Abdulaziz
27%
1839-1861 Abdülmecit I
17%
1922-1924 Abdülmecit II
17%
12?? - 1281 Ertugul Gazi
15%
Aucun quiz correspondant
Distribution des résultats
% des personnes avec chaque résultat
Percentile par nombre de réponses
Votre historique - résultats
Vous n’avez pas pris ce quiz